00287nam a2200109Ia 4500008004100000041001200041100001900053245007800072260000600150650000600156700001500162221030s9999 xx 000 0 und d aEnglish aD. H. Williams 0aSpectroscopic Methods in Organic Chemistrycby D. H. Williams, I. Fleming c0 aB aI. Fleming